Statistics for 2010 Bionicle sets

Click here to take the quiz!

General Stats

  • This quiz has been taken 20 times
  • The average score is 6 of 6

Answer Stats

HintAnswer% Correct
StarsPiraka
100%
StarsTahu
100%
StarsTakanuva
100%
StarsGresh
93%
StarsRahkshi
93%
StarsSkrall
80%

Score Distribution

Percentile by Number Answered

Percent of People with Each Score

Your Score History

You have not taken this quiz